| 000 | 01185cam a2200289 a 4500 | ||
|---|---|---|---|
| 001 | 480579 | ||
| 003 | NUST-PNEC | ||
| 005 | 20170116180716.0 | ||
| 008 | 841127m19869999txua bf 001 0 eng | ||
| 010 | _a 84025338 | ||
| 020 | _a0872013383 | ||
| 040 | _cPNEC | ||
| 050 | 0 | 0 |
_aTJ260 _b.H36 1986 |
| 082 | 0 | 0 |
_a621.4022 CHE _219 |
| 100 |
_9696 _aCheremisinoff, Nicholas P. |
||
| 245 | 0 | 0 |
_aHandbook of heat and mass transfer Vol-2 / _cNicholas P. Cheremisinoff, editor. |
| 260 |
_aHouston : _bGulf Pub. Co., _cc1986 |
||
| 300 |
_axv, 1518 p. : _bill. ; _c24 cm. |
||
| 500 | _aIncludes Index http://www.amazon.com/s/ref=nb_sb_noss?url=search-alias%3Dstripbooks&field-keywords=0872014126 | ||
| 504 | _aIncludes bibliographies and indexes. | ||
| 505 | 0 | _av. 1. Heat transfer operations -- v. 2. Mass transfer and reactor design -- v. 3. Catalysis, kinetics, and reactor engineering -- v. 4. Advances in reactor design and combustion science. | |
| 650 | 0 |
_aHeat _xTransmission _xHandbooks, manuals, etc. _xME |
|
| 650 | 0 |
_aMass transfer _xHandbooks, manuals, etc. |
|
| 700 | 1 | _aCheremisinoff, Nicholas P. | |
| 906 |
_a7 _bcbc _corignew _d1 _eocip _f19 _gy-gencatlg |
||
| 942 |
_2ddc _cBK |
||
| 999 |
_c61162 _d61162 |
||